| 000 | 00000nam 2200000za 4500 |
| 001 | 9.698473 |
| 003 | CaOODSP |
| 005 | 20221129114223 |
| 007 | cr ||||||||||| |
| 008 | 150407|1998||||xxc|||||o f|0| 0 eng d |
| 040 | |aCaOODSP|beng |
| 043 | |an-cn--- |
| 086 | 1 |aF2-130/1998E-PDF |
| 110 | 1 |aCanada.|bDepartment of Finance.|bMinister of Finance. |
| 245 | 10|aLegislative proposals and explanatory notes on taxpayer migration / |h[electronic resource]|cpublished by The Honourable Paul Martin, P.C., M.P. |
| 260 | |aOttawa - Ontario : |bFinance Canada. |cDecember 1998. |
| 300 | |a104p. |
| 500 | |aThe catalogue number (F2-130/1998E) and ISBN (0-662-27459-8) in the print edition have been incorrectly copied in this electronic publication. |
| 590 | |a13-22-Supp|b2013-09-26 |
| 690 | 07|aAmendments|2gcpds |
| 690 | 07|aIncome tax|2gcpds |
| 690 | 07|aTaxation regulations|2gcpds |
| 775 | 08|tPropositions législatives et notes explicatives concernant la migration des contribuables / |w(CaOODSP)9.642481 |
| 776 | 0#|tLegislative proposals and explanatory notes on taxpayer migration / |w(CaOODSP)9.647214 |
| 794 | |tRevised legislative proposals and explanatory notes on taxpayer migration / |w(CaOODSP)9.698476 |
| 856 | 40|ahttp://publications.gc.ca|qPDF|s242 KB|uhttps://publications.gc.ca/collections/Collection/F2-130-1998E.pdf |